Diego (Record no. 156512)

MARC details
000 -LEADER
campo de control de longitud fija 00558nam a22001575i 4500
001 - NÚMERO DE CONTROL
campo de control 156512
003 - IDENTIFICADOR DE NÚMERO DE CONTROL
campo de control ES-MaACL
005 - FECHA Y HORA DE LA ÚLTIMA TRANSACCIÓN
campo de control 20230906210429.0
008 - DATOS DE LONGITUD FIJA--INFORMACIÓN GENERAL
campo de control de longitud fija 040806s1886 sp |||| | spa d
040 ## - FUENTE DE CATALOGACIÓN
Centro catalogador/agencia de origen CAM
Lengua de catalogación spa
Centro/agencia transcriptor CAM
100 1# - ENTRADA PRINCIPAL--NOMBRE DE PERSONA
Nombre de persona Jurado de Parra, José.
9 (RLIN) 128402
245 10 - MENCIÓN DEL TÍTULO
Título Diego
Resto del título : (poema) /
Mención de responsabilidad, etc. J. Jurado de Parra.
260 ## - PUBLICACIÓN, DISTRIBUCIÓN, ETC.
Lugar de publicación, distribución, etc. Madrid :
Nombre del editor, distribuidor, etc. librería de Fernando Fé,
Fecha de publicación, distribución, etc. 1886.
300 ## - DESCRIPCIÓN FÍSICA
Extensión 107 p. ;
Dimensiones 19 cm.
852 ## - LOCALIZACIÓN
Ubicación ES-MaACL
Número de control de estantería T-607-F-3
Nota libre -- Enc. hol., conservando la enc. original
-- -- Ded. ms. del autor al Ateneo
-- -- Enc. en un vol. facticio
Holdings
Estatus retirado Estado de pérdida Fuente del sistema de clasificación o colocación Estado de daño No para préstamo Colección Biblioteca de origen Biblioteca actual Ubicación en estantería Fecha de adquisición Total de préstamos Signatura topográfica completa Código de barras Visto por última vez Precio de reemplazo Tipo de ítem Koha Nota pública
    Clasificación decimal universal     Colección de folletos Biblioteca del Ateneo de Madrid Biblioteca del Ateneo de Madrid Depósito folletos 17/01/2008   T-607-F-3 1163748 23/02/2023 23/02/2023 Folleto Dedicatoria autógrafa del autor